000 02268aam a2200505 a 4500
003 PE-LiUPU
005 20250731170502.0
008 240716b |||||||| |||| 00| 0 spa d
020 _a9789875676596
040 _aAR-BaBN
_bspa
_cPE-LiUPU
_erda
_dPE-LiUPU
080 1 _a316.47
_22004
082 _223
_a158.2
_bC434d
100 1 _aChaij, Enrique,
_d1933-
_eautor.
_4aut
245 1 3 _aEl delicado arte de convivir :
_buna visión cristiana de las relaciones interpersonales y de cómo llevarnos bien con los demás /
_cEnrique Chaij.
250 _aPrimera edición.
264 _aFlorida Oeste :
_bAsociación Casa Editora Sudamericana,
_c2010.
300 _a191 páginas :
_bfotos en blanco y negro ;
_c21 centímetros.
504 _aSiempre relacionados -- El principio fundamental -- Conociéndonos mejor -- ¡Esos mecanismos de defensa! -- La autoestima en acción -- Relaciones exitosas -- Enemigos al acecho -- La buena palabra -- La sana conversación -- Comunicación conyugal -- Convivencia familiar -- Relaciones laborales -- Minicurso de relaciones humanas -- "Envíeme una carta" -- Cómo tratarlos mejor -- Casos especiales de cada día -- Hacia una personalidad madura -- El creyente y la convivencia -- Cuando la convivencia sea perfecta.
520 3 _aNo podemos vivir de veras, con el alma feliz, si no sabemos convivir. De ahí la importancia del tema de esta obra, que muestra cómo vivir con éxito, a partir de una convivencia madura y espiritualmente acertada. Cultivar con tesón el delicado arte de convivir es un desafío, un esfuerzo y un placer, que paga altos dividendos...
_c(Descripción del editor).
526 _aSEG68
526 _aSEG70
526 _aSEG69
526 _aSEG67
526 _aSEG43
526 _aP144
526 _aP143
526 _aP131
526 _aP122
526 _aP120
526 _aP117
526 _aP112
526 _aP110
526 _aP106
526 _aP101
526 _aP80
526 _aP59
526 _aP54
526 _aP35
526 _aP33
526 _aP30
650 1 4 _aRelaciones humanas
650 2 4 _aAutoayuda
942 _2ddc
_cBK
_n0
999 _c62573
_d62572
980 _618226
_aJaime Vilcazán Jefe de Análisis Documental
_81
_gALBERTO SANCHEZ Responsable de Automatización